|
|
|
|
| LEADER |
00000nab a2200000 a 4500 |
| 001 |
vtls000731961 |
| 003 |
SK-MaSNL |
| 005 |
20260304112658.0 |
| 008 |
250429c2000 xo 0 slo |
| 015 |
|
|
|a SNBRB2000/11-27639
|
| 035 |
|
|
|a CLN000084080
|
| 035 |
|
|
|a urn:nbn:sk:snk-abahj7
|
| 035 |
|
|
|a (urnnbn)urn:nbn:sk:snk:ar-008byf
|
| 035 |
|
|
|a (uuid)890d4234-cd76-4286-bb3d-a6734814f9ad
|
| 040 |
|
|
|a SNKBUCL
|b slo
|c SNKBUCL
|e AACR2
|
| 041 |
0 |
|
|a slo
|
| 044 |
|
|
|a xo
|c SK
|
| 080 |
|
|
|a 397(437.6)
|2 1997
|
| 080 |
|
|
|a 323.15(437.6=914.99)
|2 1997
|
| 100 |
1 |
|
|a Schramek, Ľubomír,
|d 1944-2007
|4 aut
|9 105997
|
| 245 |
1 |
0 |
|a Mačkopes na malinách
|c Ľubomír Schramek
|
| 300 |
|
|
|b Fotogr.
|
| 650 |
0 |
7 |
|a Rómovia
|z Slovensko
|x asimilácia
|x integrácia
|2 snkbucl
|9 1414874
|
| 650 |
0 |
7 |
|a romiká
|2 snkbucl
|9 72855
|
| 651 |
|
7 |
|a Slovensko
|x politika menšinová
|2 snkbucl
|9 1414875
|
| 655 |
|
7 |
|a články z novín a časopisov
|2 snkbucl
|9 267496
|
| 773 |
0 |
|
|t Literárny týždenník
|g Roč. 13, č. 31 (2000), s. 3
|x 0862-5999
|
| 850 |
|
|
|a Slovenská národná knižnica
|
| 852 |
|
|
|a Slovenská národná knižnica
|
| 954 |
|
|
|a odborná, vedecká literatúra pôvodná (slovenská)
|2 lita
|
| 958 |
|
|
|a article14
|
| 958 |
|
|
|a SK
|
| 958 |
|
|
|a OND
|
| 958 |
|
|
|a EUIPO
|
| 992 |
|
|
|a RBX
|
| 999 |
|
|
|c 2866713
|d 2868643
|